LEADER 00897nam0-22003011i-450- 001 990006913030403321 010 $a3-608-91926-0 035 $a000691303 035 $aFED01000691303 035 $a(Aleph)000691303FED01 035 $a000691303 100 $a20010606d1998----km-y0itay50------ba 101 0 $ager 102 $aDE 105 $a--------001yd 200 1 $aKaiser Friedrich der Zweite$eHauptband$fErnst H. Kantorowicz$gmit einem biographischen Nachwort von Eckhart Grünewald 210 $aStuttgart$cKlett-Cotta$d1998 215 $a572 p.$d24 cm 676 $a945.704$v20$zit 700 1$aKantorowicz,$bErnst Hartwig$f<1895-1963>$0133396 702 1$aGrünewald,$bEckhart 801 0$aIT$bUNINA$gRICA$2UNIMARC 901 $aBK 912 $a990006913030403321 952 $aIII B 17$bddr$fDDR 959 $aDDR 996 $aKaiser Friedrich der Zweite$919656 997 $aUNINA LEADER 01283nam2-2200397---450- 001 990002888110203316 005 20100107141358.0 010 $a88-348-6405-0 035 $a000288811 035 $aUSA01000288811 035 $a(ALEPH)000288811USA01 035 $a000288811 100 $a20070326d2006----km-y0itay50------ba 101 $aita 102 $aIT 105 $a||||||||001yy 200 1 $aLegge penale e successione di norme integratrici$fDario Micheletti 210 $aTorino$cG. Giappichelli$dcopyr. 2006 215 $aXIV, 634 p.$d24 cm 225 2 $aItinerari di diritto penale$v31 410 0$1001000312266$aItinerari di diritto penale 606 0 $aDiritto penale$xTeorie 606 0 $aNorma penale 676 $a345.001 700 1$aMICHELETTI,$bDario$0438143 801 0$aIT$bsalbc$gISBD 912 $a990002888110203316 951 $aXXVI.1. Coll. 1/ 26 (COLL HSC 31)$b52564 G$cXXVI.1. Coll. 1/ 26 (COLL HSC)$d00122053 959 $aBK 969 $aGIU 979 $aCAPORASO$b90$c20070326$lUSA01$h1343 979 $aALESSANDRA$b90$c20080714$lUSA01$h1014 979 $aALESSANDRA$b90$c20080714$lUSA01$h1018 979 $aRSIAV4$b90$c20100107$lUSA01$h1413 996 $aLegge penale e successione di norme integratrici$9989540 997 $aUNISA LEADER 01131nas 2200385 c 450 001 9910999773803321 005 20260326082444.0 035 $a(swissbib)142637521-41slsp_network 035 $a142637521$9ExL 035 $a(NEBIS)001907406EBI01 035 $a(CKB)38690793900041 035 $a(EXLCZ)9938690793900041 100 $a19980512a19979999 |y| | 101 0 $aeng 135 $aur||||||||||| 181 $ctxt$2rdacontent 182 $cc$2rdamedia 183 $acr$2rdacarrier 200 10$aAPT newsletter$fAssociation for the Prevention of Torture 210 1$aGenève$cAPT$dSept./Nov. 1997- 215 $aOnline-Ressource 300 $aBeiträge engl., franz. und span. 517 1 $aNewsletter / APT 517 1 $aNewsletter / Association for the Prevention of Torture 606 $aFolter$2idszbz 606 $aPrävention$2idszbz 608 $aZeitschrift$2idszbz 608 $aZeitschrift$2gnd-content 615 7$aFolter 615 7$aPrävention 801 0$bSzZuIDS NEBIS UNI-RWI 801 2$bCH-ZuSLS 912 $a9910999773803321 996 $aAPT newsletter$94378201 997 $aUNINA